Aprovisionamientos : (Record no. 189833)

MARC details
000 -LEADER
campo de control de longitud fija 00783nam a2200229 i 4500
001 - NÚMERO DE CONTROL
campo de control 189833
003 - IDENTIFICADOR DE NÚMERO DE CONTROL
campo de control ES-MaACL
005 - FECHA Y HORA DE LA ÚLTIMA TRANSACCIÓN
campo de control 20250902025141.0
008 - DATOS DE LONGITUD FIJA--INFORMACIÓN GENERAL
campo de control de longitud fija 191203s1968 sp |||| | spa d
245 00 - MENCIÓN DEL TÍTULO
Título Aprovisionamientos :
Resto del título manutención, transportes /
Mención de responsabilidad, etc. B. Delvaque [y otros] ; traducido por Pablo Gil Carrasco.
250 ## - MENCION DE EDICION
Mención de edición 3ª ed.
260 ## - PUBLICACIÓN, DISTRIBUCIÓN, ETC.
Lugar de publicación, distribución, etc. Bilbao :
Nombre del editor, distribuidor, etc. Deusto,
Fecha de publicación, distribución, etc. [1968]
300 ## - DESCRIPCIÓN FÍSICA
Extensión 324 p. :
Otras características físicas il. ;
Dimensiones 22 cm.
490 1# - MENCIÓN DE SERIE
Mención de serie Enciclopedia de la Empresa Moderna ;
Designación de volumen o secuencia 7
650 04 - PUNTO DE ACCESO ADICIONAL DE MATERIA--TÉRMINO DE MATERIA
Término de materia o nombre geográfico como elemento de entrada Gestión de stocks.
9 (RLIN) 13117
650 #4 - PUNTO DE ACCESO ADICIONAL DE MATERIA--TÉRMINO DE MATERIA
Término de materia o nombre geográfico como elemento de entrada Almacenamiento industrial.
9 (RLIN) 168973
700 1# - ENTRADA AGREGADA--NOMBRE PERSONAL
Nombre de persona Delvaque, Bernard.
9 (RLIN) 168974
700 1# - ENTRADA AGREGADA--NOMBRE PERSONAL
Nombre de persona Gil Carrasco, Pablo.
9 (RLIN) 168975
830 00 - PUNTO DE ACCESO ADICIONAL DE SERIE-TÍTULO UNIFORME
Título uniforme Enciclopedia de la empresa moderna
Designación de volumen o secuencia 7
9 (RLIN) 193420
852 ## - LOCALIZACIÓN
Ubicación ES-MaACL
Número de control de estantería P-1093-7
Holdings
Estatus retirado Estado de pérdida Estado de daño No para préstamo Biblioteca de origen Biblioteca actual Ubicación en estantería Fecha de adquisición Fuente de adquisición Total de préstamos Signatura topográfica completa Código de barras Visto por última vez Precio de reemplazo Tipo de ítem Koha
        Biblioteca del Ateneo de Madrid Biblioteca del Ateneo de Madrid Depósito 2 03/12/2019     P-1093-7 1201346 23/02/2023 23/02/2023 Libro impreso